Les adversaires de Lucky Luke - Statistiques

Statistiques générales
  • Ce quiz a été pris 62 fois
  • Le résultat moyen est 9 sur 59
Statistiques - réponses
Hint Réponse % Correct
Leurs cousins nettement plus bêtes et maladroits Joe Dalton
80%
Coyote capricieux qui aime les sucettes et a une âme d'enfant Billy the Kid
70%
Averell Dalton
67%
Jack Dalton
67%
William Dalton
67%
Tueur à gages extrêmement grand et maigre Phil Defer
59%
Mère des Dalton Ma Dalton
57%
Voleur qui se prend pour Robin des Bois Jesse James
54%
Bandit joueur de cartes et tricheurs professionnels qui dirige une ville Pat Poker
48%
Criminel qui se fait élire maire Joss Jamon
30%
Frère du précédent Frank James
28%
Charlatan aux élixirs douteux Dr Doxey / Docteur Doxey / Samuel Doxey
26%
Emmet Dalton
26%
Grand enquêteur et inspecteur possédant des fiches sur tout le monde Allan Pinkerton / Pinkerton
24%
Quatre frères qui se sont fait tuer par Lucky Luke ( un nom pour chaque case sans indication) Bob Dalton
20%
Juge illettré Roy Bean
20%
Bill Dalton
19%
Grat Dalton
15%
Leur cousin Cole Younger
13%
Pete l'Indécis
11%
Braqueur de diligence masqué par un drap blanc Black Bart
9%
Ses complices Bill le Tricheur
7%
Son acolyte simple d'esprit Dopey
7%
Jack le Muscle
7%
Joe le Peau-Rouge
7%
Sosie de Lucky Luke Mad Jim
6%
Chef des Pieds-Bleus Ours Assoiffé
6%
Tueur à gages employé par le capitaine Pistol Pete
6%
Sam le Fermier
6%
Son rival Bad Ticket
4%
Propriétaire d'une compagnie de diligences Black Wilson
4%
Capitaine tricheur et escroc d'un bateau à vapeur Capitaine Lowriver
4%
Bandit qui fume toujours une cigarette Cigarette Caesar
4%
Frères qui font règner la terreur à Desperado City Frères Pistol
4%
Propriétaire sournois du saloon "L'as de Pique" O'Sullivan
4%
Escroc mexicain et tricheur au poker Pedro Cucaracha
4%
Bagarreur à la tête dure employé par le capitaine Têtenfer Wilson
4%
Le premier bandit que Lucky Luke a rencontré Big Belly
2%
Dur à cuire qui affronta Lucky Luke lors d'un rodéo Cactus Kid
2%
Criminel qui ne s'exprime que par des "grunt" Kevin Smallpox
2%
Boxeur adversaire de Percival Belden Killer Kelly
2%
Son complice mexicain Mestizo
2%
Brute qui déteste les bergers et les étrangers Angelface
0%
Ancien avocat qui veut s'emparer de tout le pétrole de Titusville Barry Blunt
0%
Un autre forban qui tente de pénétrer illégalement dans l'Oklahoma Beastly Blubber
0%
Son ancien adjoint Bingle
0%
Tricheur aux cartes employé par le capitaine Cards devon
0%
Croque-mort qui est aussi leur patron C. Formol
0%
Criminel avec une jambe de bois Charley Chick
0%
Leur chef qui les a trahi Cheat
0%
Criminel qui tente de rentrer illégalement dans l'Oklahoma Coyote Will
0%
Truand avec une ville à son nom Dean Fenton
0%
Expert en bombe employé par le capitaine Explosion Harris
0%
tricheur aux cartes qui s'approprie les chariots de ses adversaires Flash Bingo
0%
Son acolyte négligé Galeux
0%
Criminel qui se fait passer pour un étranger sans défense Joe la Gachette
0%
Son complice pro du déguisement Scraggy
0%
Bookmaker malhonnête qui organise des combats de boxe Slats Slipery Nelson
0%
Son complice qui fait évader le sosie de Lucky Luke Stan Strangler
0%
Aucun quiz correspondant
Distribution des résultats
% des personnes avec chaque résultat
Percentile par nombre de réponses
Votre historique - résultats
Vous n’avez pas pris ce quiz